Movies Quiz

Random Movies or Letter Quiz

'M' Movies by Picture Quiz Stats

Quiz Updated Oct 16, 2012

Challenge
Share
Tweet
Score 0/25 Timer 06:00
2 Plays Today
Grid Location Movie % Correct
Men in Black
98.7%
Madagascar
95.5%
The Matrix
87.1%
Mean Girls
85.5%
Mr. and Mrs. Smith
85.5%
Million Dollar Baby
80.8%
Megamind
59.8%
Monty Python and the Holy Grail
58.9%
Milk
56.3%
Moulin Rouge
56%
Mars Attacks!
52%
Memento
50.3%
Monsters Vs. Aliens
50.2%
Grid Location Movie % Correct
Major League
47.9%
Mallrats
34.8%
Mr. Smith Goes to Washington
34.6%
Minority Report
33.7%
The Magnificent Seven
32.6%
Mystic River
32.2%
The Man with the Golden Gun
30.9%
Man on Fire
28.3%
Manhattan
22%
Magnolia
21.7%
The Maltese Falcon
13%
Midnight Run
12.7%

You're not logged in!

Compare scores with friends on all Sporcle quizzes.
Join for Free
OR
Log In

You Might Also Like...

Show Comments

Extras

Top Quizzes Today


Score Distribution

Your Account Isn't Verified!

In order to create a playlist on Sporcle, you need to verify the email address you used during registration. Go to your Sporcle Settings to finish the process.

Report this User

Report this user for behavior that violates our Community Guidelines.

Details: